header

The New old (Record no. 173740)

MARC details
000 -LEADER
fixed length control field 01301nam a2200313 a 4500
100 1# - MAIN ENTRY--AUTHOR NAME
Personal name Cravit, David.
245 14 - TITLE STATEMENT
Title The New old
260 ## - PUBLICATION, DISTRIBUTION, ETC. (IMPRINT)
Place of publication Toronto, Ont. :
Name of publisher ECW Press,
Year of publication 2008.
300 ## - PHYSICAL DESCRIPTION
Number of Pages 200 p. :
Other physical details ill.
505 0# - FORMATTED CONTENTS NOTE
Formatted contents note pt. 1. How did we get here? -- pt. 2. The new old landscape -- pt. 3. But some are still clueless -- pt. 4. So what are you supposed to do now?
650 #0 - SUBJECT ADDED ENTRY--TOPICAL TERM
Topical Term Baby boom generation.
Topical Term Middle-aged persons
Topical Term Middle age
Topical Term Aging.
856 40 - ELECTRONIC LOCATION AND ACCESS
Uniform Resource Identifier http://site.ebrary.com/lib/rucke/Doc?id=10289912

No items available.

© 2026 Rongo University
Contact us: librarian | system librarian | Rongo university